Library Banner

غوری (Record no. 80710)

MARC details
000 -LEADER
fixed length control field 00379nam a22001457a 4500
005 - DATE AND TIME OF LATEST TRANSACTION
control field 20151208114953.0
008 - FIXED-LENGTH DATA ELEMENTS--GENERAL INFORMATION
fixed length control field 151208b xxu||||| |||| 00| 0 eng d
040 ## - CATALOGING SOURCE
Transcribing agency PK-LaUMT
082 ## - DEWEY DECIMAL CLASSIFICATION NUMBER
Classification number MSC 928.91439
Item number SAL-G
100 ## - MAIN ENTRY--PERSONAL NAME
Personal name سلیم غوری
245 ## - TITLE STATEMENT
Title غوری
Statement of responsibility, etc سلیم غوری
260 ## - PUBLICATION, DISTRIBUTION, ETC. (IMPRINT)
Place of publication, distribution, etc لاہور
Name of publisher, distributor, etc پیس پبلیکیشنز
Date of publication, distribution, etc 2015
300 ## - PHYSICAL DESCRIPTION
Extent 310 ص
942 ## - ADDED ENTRY ELEMENTS (KOHA)
Koha item type Books
Holdings
Withdrawn status Lost status Damaged status Home library Current library Date acquired Full call number Barcode Date last seen Price effective from Koha item type
      UMT Main Campus UMT Main Campus 2015-12-08 MSC 928.91439 SAL-G 95264 2020-03-09 2015-12-08 Books